Datum a čas kvízu

24 Celkem bodů Celkový počet nahraných bodů na tomto kvízu bez doplňovacích otázek.
6. Pořadí na kvízu Konečné umístění týmu na tomto kvízu.

Zaznamenané odpovědi

# Otázka Odpověď Body Výsledky
1. Tělo nosorožce Súdána, který b... v Keni 0
2. Minulé úterý proběhla tiskem z... v Maďarsku 1
3. Minulý týden bylo oznámeno, že... Bohumil Hrabal 1
4. Minulý týden došlo v české ene... Westinghouse 0
5. Lionel Messi se definitivně za... odhalení sochy 1
6. V tomto tématu bude vaším úkol... Tři veteráni 1
7. Doplňte slovo, kterým končí zn... Homolka 0
8. Seřaďte následující hlášky pod... 1B 2A 3C 4D 0
9. Věta „Děda je hodný, ale překá... Na samotě u lesa, Komárek 1
10. Dvěma slovy dokončete hlášku z... horší cesta 1